| 000 | 02419cam a22004694i 4500 | ||
|---|---|---|---|
| 003 | PE-LiUPU | ||
| 005 | 20250731172850.0 | ||
| 008 | 150616s2015 miu rb 000 0 eng | ||
| 020 | _a0310519632 (hardcover) | ||
| 020 | _a9780310519638 (hardcover) | ||
| 035 | _a(Sirsi) i9780310519638 | ||
| 040 |
_aDLC _bspa _erda _cDLC _dYDX _dBTCTA _dBDX _dOCLCF _dYDXCP _dDTM _dPE-LiUPU |
||
| 082 | 0 | 0 |
_a251 _bK55 _223 |
| 100 | 1 |
_aKim, Julius _eauthor. |
|
| 245 | 1 | 0 |
_aPreaching the whole counsel of God : _bdesign and deliver gospel-centered sermons / _cJulius J. Kim. |
| 264 | 1 |
_aGrand Rapids, Michigan : _bZondervan, _c[2015] |
|
| 300 |
_a239 páginas ; _c24 centímetros |
||
| 336 |
_atext _2rdacontent |
||
| 337 |
_aunmediated _2rdamedia |
||
| 338 |
_avolume _2rdacarrier |
||
| 504 | _aBibliografía : páginas 224-239. | ||
| 505 | 0 | _aPart One: Discovering the truth of the text according to the human author. Praying, selecting, reading, and meditating ; Interpreting the text: linguistic, literary, life-setting analysis -- Part Two: Discerning Christ in the text according to the divine author. Why should we "preach Christ"? Because it's foundational, biblical, and practical ; Preaching Christ from the Old Testament ; Preaching Christ from the New Testament -- Part Three: Designing the sermon according to truth, goodness, and beauty. The blueprints of sermon design, part 1 -- The blueprints of sermon design, part 2 -- Part Four: Delivering the sermon for attention, retention, integration, and transformation. The influence of neuroscience on the design and delivery of the sermon ; Delivery: nonverbal communication ; Delivery: verbal communication. | |
| 526 | _aSEG42 | ||
| 526 | _aSEG41 | ||
| 526 | _aSEG40 | ||
| 526 | _aSEG39 | ||
| 526 | _aP94 | ||
| 526 | _aP87 | ||
| 526 | _aP86 | ||
| 526 | _aP85 | ||
| 526 | _aP77 | ||
| 526 | _aP76 | ||
| 526 | _aP35 | ||
| 650 | 0 | _aPredicación. | |
| 910 |
_ajck _bebj _cebj _d20160608 |
||
| 942 |
_2ddc _cBOOK |
||
| 949 |
_a251 K55 _wDEWEY _c1 _i73606 _lCCODEBUL1 _mBUL _p23.60 _r0 _sY _tBOOK _u2016-6-8 _xTEOLOGIA _PP85 _0COMPRA _o.STAFF. Colección General Teología |
||
| 994 |
_aC0 _bPEPRU |
||
| 596 | _a1 | ||
| 999 |
_a251 K55 _wDEWEY _c9818 _i73606 _f2021-11-10 _g5 _lCCODEBUL1 _mBUL _p23.60 _r0 _sY _tBOOK _u2016-6-8 _xTEOLOGIA _PP85 _0COMPRA _o.STAFF. Colección General Teología _d9818 |
||
| 980 |
_81 _gALBERTO SANCHEZ Responsable de Automatización |
||